000
00209 a2200097 4500
001
45681
100
_a
245
_a
The great ideas
260
_a
Chicago
_b
William Benton publisher
_c
090
_c
28860
_d
28860
942
_a
NUST-CAE
_c
M
_c
20958
999
_c
280754
_d
280754